The return of the native
Tiểu thuyết Anh thế kỷ 19. xoay quanh câu chuyện tình lãng mạn nhưng đơn phương của anh chàng thợ nhuộm Venn
Đã lưu trong:
| Tác giả chính: | |
|---|---|
| Định dạng: | Sách |
| Năm xuất bản: |
Anh
Davil Campbell
1992
|
| Chủ đề: | |
| Tags: |
Thêm thẻ
Không có thẻ, Hãy là người đầu tiên gắn thẻ bản ghi này!
|
| LEADER | 00677nam a2200157 4500 | ||
|---|---|---|---|
| 082 | |a 420 |b H100R | ||
| 100 | |a Hardy, Thomas | ||
| 245 | |a The return of the native |c Thomas Hardy; John Bayley introduced | ||
| 260 | |a Anh |b Davil Campbell |c 1992 | ||
| 300 | |a 498 tr. |c 21 cm | ||
| 520 | |a Tiểu thuyết Anh thế kỷ 19. xoay quanh câu chuyện tình lãng mạn nhưng đơn phương của anh chàng thợ nhuộm Venn | ||
| 653 | |a Ngôn ngữ | ||
| 653 | |a Tiếng Anh | ||
| 942 | |2 ddc |c SH | ||
| 999 | |c 5470 |d 5470 | ||
| 952 | |0 0 |1 0 |2 ddc |4 0 |6 420_000000000000000_H100R |7 0 |8 400 |9 51311 |a qbu |b qbu |c D4 |d 2014-12-24 |g 98000 |o 420 H100R |p 3211.C1 |r 0000-00-00 |w 2014-12-24 |y SH |0 0 |6 420_000000000000000_H100R | ||